<?xml version="1.0" encoding="UTF-8"?>
<record
    xmlns:xsi="http://www.w3.org/2001/XMLSchema-instance"
    xsi:schemaLocation="http://www.loc.gov/MARC21/slim http://www.loc.gov/standards/marcxml/schema/MARC21slim.xsd"
    xmlns="http://www.loc.gov/MARC21/slim">

  <leader>00375    a2200109   4500</leader>
  <controlfield tag="001">ART_58835</controlfield>
  <controlfield tag="005">20260410162030.0</controlfield>
  <controlfield tag="008">260409a                                 </controlfield>
  <datafield tag="245" ind1="1" ind2="0">
    <subfield code="a">Las funciones del juez en el proceso de consumo: cargas probatorias y prueba de oficio</subfield>
  </datafield>
  <datafield tag="100" ind1="1" ind2=" ">
    <subfield code="a">Rossi, Jorge O.</subfield>
  </datafield>
  <datafield tag="773" ind1="0" ind2=" ">
    <subfield code="t">Temas de derecho procesal</subfield>
    <subfield code="g">- A&#xF1;o 7, N&#xB0; 7 (jul. 2023)</subfield>
    <subfield code="w">REV44095</subfield>
  </datafield>
  <datafield tag="999" ind1=" " ind2=" ">
    <subfield code="c">33928</subfield>
    <subfield code="d">33928</subfield>
  </datafield>
</record>
